| 000 | 02201nam a2200157Ia 4500 | ||
|---|---|---|---|
| 005 | 20260209120126.0 | ||
| 008 | 260209s9999||||xx |||||||||||||| ||und|| | ||
| 100 | _aAswathy R | ||
| 245 | 0 | _aRehabilitation and resettlement : a study with reference to sardar Sarovar project | |
| 260 |
_aBangaloreBangalore _bNLSIU _c2009 |
||
| 300 | _a103 p. ; 25 cm. | ||
| 505 | _aCONTENTS DECLARATION; CERTIFICATE; ACKNOWLEDGEMENTS; CONTENTS; TABLE OF CASES; LIST OF STATUTES; ACRONYMS; CHAPTER-I INTRODUCTION; CHAPTER-II SARDAR SAROVAR PROJECT: DEVELOPMENT INDUCED DISPLACEMENT; 2.1. Issues Pertaining in the Sardar Sarovar Project; 2.2 conflict of interest between the government and the tribal population; 2.3 Attitude of the judiciary towards the people; 2.4 Role played by the civil movement in the people's struggle for their rights; CHAPTER III SARDAR SAROVAR PROJECT: INDIA FAILS THE DISPLACED; 3.1 India's current scheme for implementing the Sardar Sarovar Project, Is it consistency with Human Rights; 3.1.1 Protection under Domestic Law up to the passing of the Enactment; 3.1.2 International Legal Framework for Protecting the Internally Displaced; 3.2 International Laws and Norms; 3.3 Right against Displacement; CHAPTER IV NATIONAL HUMAN RIGHTS COMMISSION AND THE DISPLACED; 4.1 The contribution of National Human Rights Commission for Rehabilitation of the People Displaced by Megaprojects; 4.2 Rights of the Internally Displaced Persons; 4.2.1 General Recommendations; 4.2.2 NHRC'S Recommendations on Development Induced Displacement; 4.2.3_NHRC's stand on rights of the displaced; CHAPTER V ( REHABILITATION AND RESETTLEMENT BILL, 2007: AN ANALYSIS; 5.1 Rehabilitation and Resettlement; 5.2. Land Acquisition and Amendment of the Land Acquisition Act, 1894; 5.3. Rehabilitation and Resettlement Bill, 2007; 5.4 Human Rights concern to the Displaced Persons: past and the new experiences; CHAPTER VI CONCLUSION; BIBLIOGRAPHY. | ||
| 650 | _aDisplaced Persons - Human Rights - India Internally Displaced Persons - Rights Sardar Srovar Project - Development | ||
| 700 | _aProf. (Dr.) V Vijayakumar - GuideProf. (Dr.) V Vijayakumar - Guide | ||
| 856 | _uhttps://dans.nls.ac.in/handle/123456789/1443 | ||
| 999 |
_c216870 _d216870 |
||